In Search of Wales / (Record no. 186172)
[ view plain ]
| 000 -LEADER | |
|---|---|
| fixed length control field | 01271 a2200181 4500 |
| 003 - CONTROL NUMBER IDENTIFIER | |
| control field | NUST |
| 005 - DATE AND TIME OF LATEST TRANSACTION | |
| control field | 20230127122705.0 |
| 040 ## - CATALOGING SOURCE | |
| Transcribing agency | Nust |
| 082 ## - DEWEY DECIMAL CLASSIFICATION NUMBER | |
| Classification number | 904.429,MOR |
| 100 ## - MAIN ENTRY--PERSONAL NAME | |
| Personal name | Morton, H.V |
| 9 (RLIN) | 107897 |
| 245 ## - TITLE STATEMENT | |
| Title | In Search of Wales / |
| Statement of responsibility, etc. | H.v.Morton |
| 250 ## - EDITION STATEMENT | |
| Edition statement | 8th ed. |
| 260 ## - PUBLICATION, DISTRIBUTION, ETC. | |
| Place of publication, distribution, etc. | London |
| Name of publisher, distributor, etc. | Methuen and Co |
| Date of publication, distribution, etc. | 1936 |
| 300 ## - PHYSICAL DESCRIPTION | |
| Extent | 272:p. |
| 505 ## - FORMATTED CONTENTS NOTE | |
| Formatted contents note | I go in Search of Wales find my way to the Border Marches (Page-1), In Which I go to Llangollen hear about the old ladies (Page-18), How I leave Llangollen come to Owen Glendower’s land travel up the lovely (Page-34), I Visit the Cathedral of St. Asaph and the Castle of rhuddlan (Page-52), Tells how I went to Bangor admired a University heard a Pagan dance on the harp. (Page-76), I Explore the Green Isle of Anglesey see the birthplace of owen tudor (Page-90), In Which I vist st. Beuno’s church (Page-111), In which I fail to Climb snowdon in a train but succeed on my feet (Page-135), I go to Bala remember famous Welshmen hear the story of king Arthur.. (Page-162), Welsh rain all the way to Cardigan (Page-194), In which I enter Black Wales at Llanelly (Page-218), I admire Cardiff Travel through the gloomy Rhondda Valley (Page-235). |
| 650 ## - SUBJECT ADDED ENTRY--TOPICAL TERM | |
| Topical term or geographic name entry element | Search of Wales |
| 9 (RLIN) | 107898 |
| 942 ## - ADDED ENTRY ELEMENTS (KOHA) | |
| Source of classification or shelving scheme | |
| Koha item type | Book |
| Call number prefix | 904.429,MOR |
| Withdrawn status | Lost status | Source of classification or shelving scheme | Damaged status | Not for loan | Permanent Location | Current Location | Shelving location | Date acquired | Full call number | Barcode | Date last seen | Price effective from | Koha item type | Public note |
|---|---|---|---|---|---|---|---|---|---|---|---|---|---|---|
| Military College of Signals (MCS) | Military College of Signals (MCS) | General Stacks | 12/12/2016 | 904.429,MOR | MCS29037 | 12/08/2016 | 12/12/2016 | Book | Almirah No.58, Shelf No.3 |
